[Event "34. Copenhagen Open (Politiken Cup)"]
[Site "Elsinore"]
[Date "2012.08.04"]
[Round "9"]
[White "Svane, Minna"]
[Black "Nielsen, Bjorn"]
[Result "1/2-1/2"]
[WhiteElo "1302"]
[BlackElo "1534"]
[PlyCount "87"]
[EventDate "2012.07.28"]
[EventType "swiss"]
[EventRounds "10"]
[EventCountry "DEN"]
[Source "ChessBase"]
[SourceDate "2012.08.24"]

1. Nf3 Nc6 2. d3 e5 3. e4 Nf6 4. g3 Bc5 5. Bg5 Be7 6. Bg2 O-O 7. Be3 d6 8. O-O
Bg4 9. h3 Be6 10. Nc3 Qd7 11. Nh4 Bxh3 12. f4 Bg4 13. Qe1 exf4 14. Bxf4 Nd4 15.
Rc1 c6 16. Be3 Ne6 17. Nd1 Nc7 18. Nf5 Bxf5 19. exf5 b6 20. Qe2 d5 21. g4 d4
22. Bd2 h6 23. Bf3 Nh7 24. Qh2 Bg5 25. Bxg5 Nxg5 26. Bg2 Rad8 27. b4 f6 28. Nf2
Qd6 29. Qh5 Nd5 30. Rce1 Ne3 31. Ne4 Qxb4 32. Nxg5 hxg5 33. Kf2 Nxf1 34. Rxf1
Qd2+ 35. Kg3 Rde8 36. Bxc6 Re3+ 37. Bf3 Qxc2 38. Rh1 Rxf3+ 39. Kxf3 Qxd3+ 40.
Kf2 Qd2+ 41. Kf3 Qf4+ 42. Kg2 Qe4+ 43. Kg1 Qe1+ 44. Kg2 1/2-1/2

[Event "34. Copenhagen Open (Politiken Cup)"]
[Site "Elsinore"]
[Date "2012.08.04"]
[Round "9"]
[White "Taksrud, Vidar"]
[Black "Cherednichenko, Svetlana"]
[Result "0-1"]
[WhiteElo "2057"]
[BlackElo "2293"]
[PlyCount "50"]
[EventDate "2012.07.28"]
[EventType "swiss"]
[EventRounds "10"]
[EventCountry "DEN"]
[Source "ChessBase"]
[SourceDate "2012.08.24"]

1. d4 f5 2. Nf3 Nf6 3. Nc3 d6 4. Bg5 Nbd7 5. Qd3 g6 6. e4 fxe4 7. Nxe4 Bg7 8.
Ng3 c5 9. O-O-O cxd4 10. Nxd4 Nc5 11. Qc4 Bd7 12. Qb4 a5 13. Qe1 Qb6 14. Bc4 d5
15. Bxf6 Bxf6 16. Bxd5 Na4 17. Bb3 Bxd4 18. c3 Bxf2 19. Qf1 Rf8 20. Qc4 Nc5 21.
Bc2 Qe6 22. Qh4 Qxa2 23. Rhe1 Bxe1 24. Rxe1 O-O-O 25. Qxe7 Qa1+ 0-1

[Event "34. Copenhagen Open (Politiken Cup)"]
[Site "Elsinore"]
[Date "2012.08.04"]
[Round "9"]
[White "Thogersen, Rasmus"]
[Black "Nielsen, Palle"]
[Result "1-0"]
[WhiteElo "1885"]
[BlackElo "1774"]
[PlyCount "49"]
[EventDate "2012.07.28"]
[EventType "swiss"]
[EventRounds "10"]
[EventCountry "DEN"]
[Source "ChessBase"]
[SourceDate "2012.08.24"]

1. e4 e6 2. d4 d5 3. Nc3 dxe4 4. Nxe4 b6 5. Nf3 Bb7 6. Bd3 Nf6 7. Qe2 Be7 8. c3
Nbd7 9. Bg5 O-O 10. h4 Nd5 11. O-O-O Rc8 12. Ne5 N7f6 13. Rh3 Nxe4 14. Bxe7
Nxe7 15. Bxe4 Bxe4 16. Qxe4 Qd5 17. Qxd5 exd5 18. Re1 Ng6 19. Nc6 a5 20. h5 Nf4
21. Rf3 Nxg2 22. Rg1 Nh4 23. Rf4 Rfe8 24. Rxh4 f6 25. Rhg4 1-0

[Event "34. Copenhagen Open (Politiken Cup)"]
[Site "Elsinore"]
[Date "2012.08.04"]
[Round "9"]
[White "Ulrich, Thomas2"]
[Black "Rendlev, Niels Moller"]
[Result "1-0"]
[WhiteElo "1975"]
[BlackElo "1844"]
[PlyCount "47"]
[EventDate "2012.07.28"]
[EventType "swiss"]
[EventRounds "10"]
[EventCountry "DEN"]
[Source "ChessBase"]
[SourceDate "2012.08.24"]

1. e4 e6 2. d4 d5 3. Nd2 Nf6 4. e5 Nfd7 5. Bd3 c5 6. c3 Nc6 7. Ne2 Be7 8. Nf3
cxd4 9. cxd4 h6 10. a3 Nb6 11. Bd2 Bd7 12. Bc3 Rc8 13. O-O O-O 14. Bc2 Nc4 15.
Nf4 Be8 16. Qd3 g6 17. h4 Bxh4 18. Nxh4 Qxh4 19. g3 Qg5 20. Kg2 Kg7 21. Qe2 Rh8
22. Bxg6 Ne7 23. Bd3 Bc6 24. Nh3 1-0

[Event "34. Copenhagen Open (Politiken Cup)"]
[Site "Elsinore"]
[Date "2012.08.04"]
[Round "9"]
[White "Valembois, Pierre"]
[Black "Madsen, Svend Aage"]
[Result "0-1"]
[WhiteElo "1292"]
[BlackElo "2074"]
[PlyCount "112"]
[EventDate "2012.07.28"]
[EventType "swiss"]
[EventRounds "10"]
[EventCountry "DEN"]
[Source "ChessBase"]
[SourceDate "2012.08.24"]

1. g4 e5 2. h3 d5 3. Bg2 Be7 4. c4 c6 5. d3 dxc4 6. Nf3 cxd3 7. Qxd3 Bb4+ 8.
Bd2 Qxd3 9. exd3 Bxd2+ 10. Nbxd2 f6 11. O-O Be6 12. d4 Nd7 13. Ne4 O-O-O 14.
Rad1 Kc7 15. dxe5 fxe5 16. b3 Ngf6 17. Neg5 Bd5 18. Nh4 h6 19. Rxd5 hxg5 20.
Ng6 Rh6 21. Nxe5 Nxd5 22. Nf7 Rf8 23. Nxh6 gxh6 24. Rc1 Nf4 25. Bf3 Nxh3+ 26.
Kg2 Nf4+ 27. Kh2 Ne5 28. Be4 Nfd3 29. Bxd3 Nxd3 30. Rf1 Rxf2+ 31. Rxf2 Nxf2 32.
Kg3 Nxg4 33. Kxg4 Kd6 34. Kh5 Kd5 35. b4 Kc4 36. a3 Kb3 37. b5 cxb5 38. Kg4
Kxa3 39. Kf3 b4 40. Ke2 h5 41. Kd1 Kb2 42. Kd2 a5 43. Kd3 a4 44. Kc4 b3 45. Kb4
a3 46. Kc4 a2 47. Kb4 a1=Q 48. Kb5 Qc1 49. Kb4 Qf4+ 50. Kb5 h4 51. Kc5 h3 52.
Kb6 h2 53. Ka5 h1=Q 54. Kb5 Qc6+ 55. Ka5 Qe5+ 56. Kb4 Qeb5# 0-1

[Event "34. Copenhagen Open (Politiken Cup)"]
[Site "Elsinore"]
[Date "2012.08.05"]
[Round "10"]
[White "Aartun, Eivind"]
[Black "Andersen, Rune Egede"]
[Result "0-1"]
[WhiteElo "1777"]
[BlackElo "2076"]
[PlyCount "99"]
[EventDate "2012.07.28"]
[EventType "swiss"]
[EventRounds "10"]
[EventCountry "DEN"]
[Source "ChessBase"]
[SourceDate "2012.08.24"]

1. e4 e6 2. d4 d5 3. exd5 exd5 4. Bd3 c5 5. Qe2+ Be7 6. dxc5 Nf6 7. Nf3 O-O 8.
O-O Re8 9. Bg5 h6 10. Bh4 Bxc5 11. Bxf6 gxf6 12. Qd2 Bf8 13. Nc3 Be6 14. Nd4
Nc6 15. Nxe6 fxe6 16. Qf4 Bg7 17. Bg6 Re7 18. Rad1 Rc8 19. Rfe1 Qb6 20. b3 Ne5
21. Na4 Qa5 22. Qg3 b5 23. Nb2 Qxa2 24. Nd3 Qa5 25. Nxe5 fxe5 26. Qh4 Qd8 27.
Re3 Rc6 28. Rf3 a5 29. g4 Rd7 30. Bf7+ Kh7 31. Qh5 Qg5 32. Qxg5 hxg5 33. Be8
Rdc7 34. Bxc6 Rxc6 35. Rd2 Kg6 36. Re3 e4 37. f3 exf3 38. Rxf3 a4 39. bxa4 bxa4
40. Ra3 Rc4 41. h3 Bb2 42. Ra2 a3 43. Kf2 Rc3 44. Kg2 Kf6 45. Rf2+ Ke5 46. Re2+
Kd6 47. Rf2 Re3 48. Rd2 Kc5 49. Rd3 Rxd3 50. cxd3 0-1

[Event "34. Copenhagen Open (Politiken Cup)"]
[Site "Elsinore"]
[Date "2012.08.05"]
[Round "10"]
[White "Alfven, Jorgen"]
[Black "Hagen, Thorolf"]
[Result "1-0"]
[WhiteElo "1848"]
[BlackElo "1641"]
[PlyCount "45"]
[EventDate "2012.07.28"]
[EventType "swiss"]
[EventRounds "10"]
[EventCountry "DEN"]
[Source "ChessBase"]
[SourceDate "2012.08.24"]

1. d4 Nf6 2. c4 e5 3. dxe5 Ng4 4. e4 Nxe5 5. f4 Nec6 6. Be3 d6 7. Nf3 Nd7 8.
Nc3 Nf6 9. Bd3 Be7 10. O-O Ng4 11. Qd2 Nxe3 12. Qxe3 Nb4 13. Bb1 c6 14. a3 Na6
15. Kh1 O-O 16. Bc2 Be6 17. b3 f6 18. Nd4 Qd7 19. h3 Nc7 20. Rae1 d5 21. exd5
cxd5 22. Nxe6 Nxe6 23. Nxd5 1-0

[Event "34. Copenhagen Open (Politiken Cup)"]
[Site "Elsinore"]
[Date "2012.08.05"]
[Round "10"]
[White "Ananthan, Arunn"]
[Black "Sjol, Henrik"]
[Result "1/2-1/2"]
[WhiteElo "1696"]
[BlackElo "1878"]
[PlyCount "62"]
[EventDate "2012.07.28"]
[EventType "swiss"]
[EventRounds "10"]
[EventCountry "DEN"]
[Source "ChessBase"]
[SourceDate "2012.08.24"]

1. e4 c5 2. Nf3 e6 3. c4 Nc6 4. d4 cxd4 5. Nxd4 a6 6. Nc3 Qc7 7. Be2 Nf6 8. a3
Ne5 9. Bf4 d6 10. Rc1 Be7 11. O-O b6 12. Qa4+ Bd7 13. Qd1 Rc8 14. b3 Qb7 15.
Nf3 Nfg4 16. h3 Nxf3+ 17. Bxf3 Ne5 18. Be2 O-O 19. Be3 Bc6 20. f4 Nd7 21. Bf3
Nc5 22. Qc2 b5 23. cxb5 axb5 24. b4 Nd7 25. Qd3 Ra8 26. Ra1 Rfd8 27. Be2 Nf6
28. Bf3 d5 29. e5 Ne4 30. Bd4 Rac8 31. Rfe1 Nxc3 1/2-1/2

[Event "34. Copenhagen Open (Politiken Cup)"]
[Site "Elsinore"]
[Date "2012.08.05"]
[Round "10"]
[White "Andersen, Finn"]
[Black "Merkesvik, Sondre"]
[Result "1/2-1/2"]
[WhiteElo "2036"]
[BlackElo "1892"]
[PlyCount "22"]
[EventDate "2012.07.28"]
[EventType "swiss"]
[EventRounds "10"]
[EventCountry "DEN"]
[Source "ChessBase"]
[SourceDate "2012.08.24"]

1. e4 Nf6 2. d3 d5 3. Nd2 g6 4. Ngf3 Bg7 5. Be2 O-O 6. O-O c5 7. c3 Nc6 8. Re1
e6 9. Bf1 b6 10. e5 Nd7 11. d4 Rb8 1/2-1/2

[Event "34. Copenhagen Open (Politiken Cup)"]
[Site "Elsinore"]
[Date "2012.08.05"]
[Round "10"]
[White "Andersen, Morten"]
[Black "Thogersen, Rasmus"]
[Result "0-1"]
[WhiteElo "2181"]
[BlackElo "1885"]
[PlyCount "71"]
[EventDate "2012.07.28"]
[EventType "swiss"]
[EventRounds "10"]
[EventCountry "DEN"]
[Source "ChessBase"]
[SourceDate "2012.08.24"]

1. d4 Nf6 2. c4 g6 3. Nc3 Bg7 4. e4 d6 5. Be2 O-O 6. f4 c5 7. Nf3 cxd4 8. Nxd4
Nc6 9. Be3 Qb6 10. Nc2 Qa5 11. O-O Nd7 12. Qe1 Bxc3 13. bxc3 Nc5 14. e5 dxe5
15. fxe5 Nxe5 16. Nb4 Be6 17. Nd5 Bxd5 18. cxd5 Ncd3 19. Qd2 Qxd5 20. Rad1 Rfd8
21. Bd4 Nc5 22. Qe3 Ncd7 23. Bb6 Qc6 24. Bxd8 Rxd8 25. Qxa7 Qxc3 26. Bb5 Qc7
27. Qd4 h5 28. Rfe1 Ng4 29. g3 e5 30. Qd6 Qa5 31. Bxd7 Qa7+ 32. Kh1 Qf2 33. Qd2
Rxd7 34. Qxf2 Nxf2+ 35. Kg2 Nxd1 36. Rxe5 0-1

[Event "34. Copenhagen Open (Politiken Cup)"]
[Site "Elsinore"]
[Date "2012.08.05"]
[Round "10"]
[White "Bach, Matthias"]
[Black "Eriksson, Kristian"]
[Result "0-1"]
[WhiteElo "2274"]
[BlackElo "2082"]
[PlyCount "80"]
[EventDate "2012.07.28"]
[EventType "swiss"]
[EventRounds "10"]
[EventCountry "DEN"]
[Source "ChessBase"]
[SourceDate "2012.08.24"]

1. b3 d5 2. Bb2 Bg4 3. d3 Nc6 4. Nd2 e5 5. Ngf3 f6 6. e4 Bc5 7. Be2 h5 8. a3 d4
9. b4 Bd6 10. b5 Nce7 11. c3 dxc3 12. Bxc3 Qd7 13. d4 O-O-O 14. d5 Ng6 15. g3
Kb8 16. Nc4 f5 17. h3 Bxf3 18. Bxf3 Nf6 19. exf5 Qxf5 20. Ne3 Qd7 21. Qc2 Ne7
22. Bb4 Bxb4+ 23. axb4 Qxb5 24. Qa2 a6 25. Be2 Qxb4+ 26. Kf1 Qe4 27. Kg1 Nexd5
28. Nxd5 Qxd5 29. Bc4 Qd2 30. Qb1 Rd6 31. Kg2 Rb6 32. Qf5 Qd4 33. Bd3 e4 34.
Bc2 Re8 35. Ba4 Re5 36. Qf4 g5 37. Qc1 Rb2 38. Rf1 Rf5 39. Bc2 Rc5 40. Rd1 Qc3
0-1

[Event "34. Copenhagen Open (Politiken Cup)"]
[Site "Elsinore"]
[Date "2012.08.05"]
[Round "10"]
[White "Bendixen, Daniel"]
[Black "Vesterli, Michael E"]
[Result "0-1"]
[WhiteElo "1882"]
[BlackElo "2029"]
[PlyCount "46"]
[EventDate "2012.07.28"]
[EventType "swiss"]
[EventRounds "10"]
[EventCountry "DEN"]
[Source "ChessBase"]
[SourceDate "2012.08.24"]

1. e4 c5 2. Nf3 e6 3. d4 cxd4 4. Nxd4 Nc6 5. Be3 a6 6. Bd3 Qc7 7. O-O Nf6 8. f4
Bc5 9. Nf5 Nb4 10. Nd4 Qb6 11. c3 Nc6 12. Qb3 Qxb3 13. axb3 Ng4 14. Bf2 Nxf2
15. Kxf2 e5 16. fxe5 Nxd4 17. cxd4 Bxd4+ 18. Kg3 Bxb2 19. Ra2 Bxe5+ 20. Kh4 d6
21. Bc4 Be6 22. Bxe6 fxe6 23. Rc2 Bf6+ 0-1

[Event "34. Copenhagen Open (Politiken Cup)"]
[Site "Elsinore"]
[Date "2012.08.05"]
[Round "10"]
[White "Bjerke, Richard"]
[Black "Wuertz, Jacob"]
[Result "1-0"]
[WhiteElo "2162"]
[BlackElo "1999"]
[PlyCount "55"]
[EventDate "2012.07.28"]
[EventType "swiss"]
[EventRounds "10"]
[EventCountry "DEN"]
[Source "ChessBase"]
[SourceDate "2012.08.24"]

1. e4 e6 2. d4 d5 3. Nc3 Bb4 4. Nge2 Nf6 5. e5 Ne4 6. a3 Nxc3 7. bxc3 Be7 8.
Ng3 O-O 9. Bd3 f5 10. exf6 Bxf6 11. O-O g6 12. a4 e5 13. Bh6 Re8 14. dxe5 Bxe5
15. Qd2 Be6 16. f4 Bh8 17. f5 Bf7 18. fxg6 Bxg6 19. Bxg6 hxg6 20. Qf4 Qd7 21.
Qg5 Kh7 22. Bf8 Re6 23. Rf4 Nc6 24. Raf1 Ne5 25. Rh4+ Kg8 26. Qh6 Nf7 27. Qh7+
Kxf8 28. Qxh8+ 1-0

[Event "34. Copenhagen Open (Politiken Cup)"]
[Site "Elsinore"]
[Date "2012.08.05"]
[Round "10"]
[White "Borg, Flemming"]
[Black "Garberg, Tore"]
[Result "1/2-1/2"]
[WhiteElo "1750"]
[BlackElo "1956"]
[PlyCount "142"]
[EventDate "2012.07.28"]
[EventType "swiss"]
[EventRounds "10"]
[EventCountry "DEN"]
[Source "ChessBase"]
[SourceDate "2012.08.24"]

1. e4 c6 2. d4 d6 3. Be3 Nf6 4. f3 Nbd7 5. Qd2 e5 6. Nc3 Be7 7. O-O-O O-O 8. g4
b5 9. h4 Qa5 10. h5 b4 11. Nb1 Qxa2 12. g5 Ne8 13. Qxb4 Rb8 14. Qa3 Qxa3 15.
Nxa3 Nc7 16. Bh3 exd4 17. Rxd4 Ne6 18. Bxe6 fxe6 19. Nc4 d5 20. Na5 Bc5 21. Rd3
Bxe3+ 22. Rxe3 Rb6 23. exd5 cxd5 24. Ne2 e5 25. Rc3 Ba6 26. Ng3 Rc8 27. Rxc8+
Bxc8 28. Rd1 Rb5 29. Nc6 Bb7 30. c4 Rc5 31. Ne7+ Kf8 32. Nxd5 Rxc4+ 33. Kb1 Rd4
34. Rxd4 exd4 35. Nc7 d3 36. Ne6+ Kg8 37. f4 Bd5 38. Nd4 a5 39. Ngf5 Be4 40.
Kc1 Nc5 41. Ng3 Bd5 42. Kd2 a4 43. Ngf5 Bc4 44. Ne3 Ne4+ 45. Kd1 Bf7 46. h6
Bh5+ 47. Kc1 gxh6 48. gxh6 Kf7 49. f5 Kf6 50. Ne6 Bf7 51. Nf8 Bg8 52. Nd7+ Kg5
53. Ne5 Kf4 54. N5c4 Bf7 55. Ng2+ Kxf5 56. Nd2 Nc5 57. Nf3 Nb3+ 58. Kb1 Bd5 59.
Ne3+ Ke4 60. Nxd5 Kxf3 61. Nc3 Nc5 62. Kc1 Kg4 63. Kd2 Kh5 64. Ke3 Kxh6 65. Kd4
Na6 66. Kxd3 Kg5 67. Nxa4 h5 68. Nc3 Kg4 69. Ke3 h4 70. Kf2 Nb4 71. Kg2 Nd3
1/2-1/2

[Event "34. Copenhagen Open (Politiken Cup)"]
[Site "Elsinore"]
[Date "2012.08.05"]
[Round "10"]
[White "Bratteteig, Tore Inge"]
[Black "Dyrhaug, Sverre S"]
[Result "0-1"]
[WhiteElo "1679"]
[BlackElo "1551"]
[PlyCount "84"]
[EventDate "2012.07.28"]
[EventType "swiss"]
[EventRounds "10"]
[EventCountry "DEN"]
[Source "ChessBase"]
[SourceDate "2012.08.24"]

1. d4 Nf6 2. c4 e6 3. Nf3 d5 4. g3 b6 5. Bg2 Bb7 6. cxd5 Bxd5 7. O-O Nbd7 8.
Nc3 Bb7 9. Qd3 c5 10. Rd1 Be7 11. e4 c4 12. Qe2 Bb4 13. e5 Nd5 14. Nxd5 Bxd5
15. a3 Be7 16. Nd2 Bxg2 17. Kxg2 b5 18. Ne4 O-O 19. Nc3 Nb6 20. Qe4 a6 21. Be3
Nd5 22. Nxd5 Qxd5 23. Qxd5 exd5 24. f4 a5 25. f5 b4 26. Bd2 Rfb8 27. Kh3 bxa3
28. bxa3 a4 29. Bb4 Bxb4 30. axb4 Rxb4 31. Kg4 c3 32. e6 c2 33. Re1 Rxd4+ 34.
Kf3 fxe6 35. fxe6 Rc8 36. Rec1 Kf8 37. Ke3 Rdc4 38. Kd3 Ke7 39. Kd2 Kxe6 40.
Re1+ Kd6 41. Kc1 d4 42. Ra3 Rb8 0-1

[Event "34. Copenhagen Open (Politiken Cup)"]
[Site "Elsinore"]
[Date "2012.08.05"]
[Round "10"]
[White "Cherednichenko, Svetlana"]
[Black "Hedman, Erik"]
[Result "1/2-1/2"]
[WhiteElo "2293"]
[BlackElo "2381"]
[PlyCount "47"]
[EventDate "2012.07.28"]
[EventType "swiss"]
[EventRounds "10"]
[EventCountry "DEN"]
[Source "ChessBase"]
[SourceDate "2012.08.24"]

1. d4 Nf6 2. Nf3 c5 3. d5 e6 4. c4 d6 5. Nc3 exd5 6. cxd5 g6 7. h3 Bg7 8. e4
O-O 9. Bd3 b5 10. O-O b4 11. Nb1 Ba6 12. Bxa6 Nxa6 13. Qd3 Nc7 14. Nbd2 Re8 15.
Re1 Nd7 16. Nc4 Nb6 17. Bg5 Qd7 18. Nfd2 Rab8 19. Bf4 Nb5 20. Qg3 Rbd8 21. Bg5
Rc8 22. Bf4 Rcd8 23. Bg5 Rc8 24. Bf4 1/2-1/2

[Event "34. Copenhagen Open (Politiken Cup)"]
[Site "Elsinore"]
[Date "2012.08.05"]
[Round "10"]
[White "Christensen, Casper"]
[Black "Poulsen, Iver"]
[Result "1/2-1/2"]
[WhiteElo "1985"]
[BlackElo "2081"]
[PlyCount "20"]
[EventDate "2012.07.28"]
[EventType "swiss"]
[EventRounds "10"]
[EventCountry "DEN"]
[Source "ChessBase"]
[SourceDate "2012.08.24"]

1. e4 c5 2. Nf3 Nc6 3. d4 cxd4 4. Nxd4 Nf6 5. Nc3 g6 6. Be3 Bg7 7. Be2 O-O 8.
Qd2 d5 9. exd5 Nxd5 10. Nxc6 bxc6 1/2-1/2

[Event "34. Copenhagen Open (Politiken Cup)"]
[Site "Elsinore"]
[Date "2012.08.05"]
[Round "10"]
[White "Christophersen, David"]
[Black "Jensen, Morten Frank"]
[Result "1-0"]
[WhiteElo "1832"]
[BlackElo "2037"]
[PlyCount "103"]
[EventDate "2012.07.28"]
[EventType "swiss"]
[EventRounds "10"]
[EventCountry "DEN"]
[Source "ChessBase"]
[SourceDate "2012.08.24"]

1. d4 g6 2. Nf3 Bg7 3. c3 d5 4. Bf4 c5 5. e3 Nc6 6. Nbd2 Nf6 7. Bd3 Nh5 8. Bg5
O-O 9. dxc5 Qc7 10. Nd4 Ne5 11. Be2 Nf6 12. N2b3 Bd7 13. Bf4 Ne4 14. Bf3 Rfd8
15. Bxe4 dxe4 16. O-O Qc8 17. Nd2 Bg4 18. Qc2 Nd7 19. Nxe4 e5 20. Nd6 Qc7 21.
N4b5 Qxc5 22. Bg5 Rdb8 23. b4 Qc6 24. f3 Be6 25. Rad1 a6 26. Na3 f6 27. Bh4 b5
28. Rd2 Nb6 29. Ne4 Nd5 30. Bf2 Bh6 31. Re1 Rd8 32. Nc5 Bf7 33. Rd3 Bf8 34. e4
Nf4 35. Rxd8 Rxd8 36. g3 Nh3+ 37. Kg2 Nxf2 38. Qxf2 a5 39. Re2 axb4 40. cxb4
Ra8 41. Qe3 f5 42. Rc2 Rd8 43. exf5 gxf5 44. Qg5+ Qg6 45. Qxd8 f4 46. Kh1 Qh5
47. g4 Qh3 48. Rf2 Kg7 49. Qg5+ Kh8 50. Qf6+ Kg8 51. Ne6 e4 52. Ng5 1-0

[Event "34. Copenhagen Open (Politiken Cup)"]
[Site "Elsinore"]
[Date "2012.08.05"]
[Round "10"]
[White "Clementsson, Jan"]
[Black "Bejtovic, Jasmin"]
[Result "0-1"]
[WhiteElo "2115"]
[BlackElo "2393"]
[PlyCount "114"]
[EventDate "2012.07.28"]
[EventType "swiss"]
[EventRounds "10"]
[EventCountry "DEN"]
[Source "ChessBase"]
[SourceDate "2012.08.24"]

1. d4 d5 2. Nf3 Nf6 3. Bf4 g6 4. e3 Bg7 5. h3 O-O 6. Be2 c5 7. c3 Nc6 8. O-O b6
9. Nbd2 Bb7 10. Qb3 Nd7 11. Rfd1 e6 12. Bd6 c4 13. Qc2 Re8 14. e4 Ne7 15. Bh2
b5 16. e5 Nc6 17. a3 a5 18. Ne1 f5 19. Ndf3 Bh6 20. g4 fxg4 21. hxg4 Rf8 22.
Ng2 Qe7 23. Bg3 Rf7 24. Bh4 g5 25. Qd2 Rg7 26. Bg3 Nf8 27. Rf1 Ng6 28. Nh2 Rf8
29. f3 Nf4 30. Bxf4 gxf4 31. Kf2 Bg5 32. Rh1 Bh4+ 33. Kg1 Bg5 34. Nf1 Bc8 35.
Bd1 Qa7 36. Qf2 Be7 37. Rh5 Bd7 38. Kh1 Be8 39. Rh6 Bg6 40. Bc2 Bg5 41. Rh3
Nxe5 42. Re1 Nd3 43. Bxd3 cxd3 44. Nh4 Bxh4 45. Rxh4 Re7 46. Re5 b4 47. Qd2
bxa3 48. bxa3 Rb7 49. Rxe6 Rb1 50. Rxg6+ hxg6 51. Qxd3 Qb6 52. Kg2 Rb2+ 53. Kh3
Kg7 54. Nd2 Re8 55. Nc4 dxc4 56. Qxc4 Qf6 57. Qc7+ Re7 0-1

[Event "34. Copenhagen Open (Politiken Cup)"]
[Site "Elsinore"]
[Date "2012.08.05"]
[Round "10"]
[White "Edwardsson, Hannu Kalervo"]
[Black "Emborg, Jens"]
[Result "1/2-1/2"]
[WhiteElo "1464"]
[BlackElo "1649"]
[PlyCount "131"]
[EventDate "2012.07.28"]
[EventType "swiss"]
[EventRounds "10"]
[EventCountry "DEN"]
[Source "ChessBase"]
[SourceDate "2012.08.24"]

1. e4 e6 2. Nf3 d5 3. exd5 exd5 4. d4 Bd6 5. Be2 Bf5 6. O-O Nf6 7. Bg5 O-O 8.
Bxf6 Qxf6 9. c4 c6 10. c5 Bc7 11. Nc3 Nd7 12. Bd3 Bxd3 13. Qxd3 Rae8 14. Rfe1
Qd8 15. Rxe8 Rxe8 16. Re1 Nf6 17. Rxe8+ Qxe8 18. Qe2 b6 19. Qxe8+ Nxe8 20. b4
bxc5 21. bxc5 g6 22. g4 f5 23. gxf5 gxf5 24. h3 Ng7 25. Ne2 Kf7 26. Ng3 f4 27.
Ne2 Kf6 28. Nh2 h5 29. f3 Nf5 30. Nf1 Kg5 31. Kh2 Ba5 32. Kg2 Be1 33. Kh2 Bf2
34. Kg2 Bxd4 35. Nxd4 Nxd4 36. Nd2 Kf5 37. h4 Ke5 38. Kh3 Ne6 39. Nb3 d4 40.
Kg2 Kd5 41. Na5 Kxc5 42. Nb7+ Kd5 43. Kf2 Nc5 44. Nd8 Nd3+ 45. Ke2 Nc1+ 46. Kd2
Nxa2 47. Nf7 a5 48. Nh8 Ke6 49. Ng6 Nb4 50. Nxf4+ Kf5 51. Nxh5 a4 52. Ng3+ Kg6
53. Ne2 c5 54. Kc1 Nd3+ 55. Kb1 Kh5 56. Ka2 Kxh4 57. Ka3 Ne5 58. Kxa4 d3 59.
Nc3 Kg3 60. Kb5 c4 61. Kc5 Kxf3 62. Kd4 Kf4 63. Nd5+ Kf5 64. Ne3+ Ke6 65. Nxc4
Nxc4 66. Kxd3 1/2-1/2

[Event "34. Copenhagen Open (Politiken Cup)"]
[Site "Elsinore"]
[Date "2012.08.05"]
[Round "10"]
[White "Fjellengen, Baard"]
[Black "Amarapala, Sherington"]
[Result "1-0"]
[WhiteElo "1928"]
[BlackElo "1732"]
[PlyCount "35"]
[EventDate "2012.07.28"]
[EventType "swiss"]
[EventRounds "10"]
[EventCountry "DEN"]
[Source "ChessBase"]
[SourceDate "2012.08.24"]

1. d4 f5 2. e4 fxe4 3. Nc3 Nf6 4. Bg5 d5 5. Bxf6 exf6 6. Qh5+ g6 7. Qxd5 f5 8.
Qe5+ Qe7 9. Qxh8 Nc6 10. Bb5 Bd7 11. Bxc6 bxc6 12. Qe5 Be6 13. d5 cxd5 14. Nxd5
Bg7 15. Nxc7+ Kf7 16. Qxe6+ Qxe6 17. Nxe6 Kxe6 18. O-O-O 1-0

[Event "34. Copenhagen Open (Politiken Cup)"]
[Site "Elsinore"]
[Date "2012.08.05"]
[Round "10"]
[White "Grand, Hans Henrik"]
[Black "Portisch, Lajos"]
[Result "0-1"]
[WhiteElo "2144"]
[BlackElo "2520"]
[PlyCount "76"]
[EventDate "2012.07.28"]
[EventType "swiss"]
[EventRounds "10"]
[EventCountry "DEN"]
[Source "ChessBase"]
[SourceDate "2012.08.24"]

1. c4 c5 2. g3 Nc6 3. Bg2 b6 4. Nc3 Bb7 5. e4 g6 6. Nge2 Bg7 7. d3 d6 8. f4 Qd7
9. O-O f5 10. a3 Nf6 11. Rb1 O-O 12. b4 Rfd8 13. b5 Nd4 14. h3 Nxe2+ 15. Nxe2
fxe4 16. d4 Rac8 17. d5 e6 18. f5 exf5 19. Nf4 Re8 20. Bb2 Re7 21. Ne6 Rxe6 22.
dxe6 Qxe6 23. g4 fxg4 24. hxg4 Nxg4 25. Bh3 h5 26. Bxg4 hxg4 27. Bxg7 Kxg7 28.
Qe2 e3 29. Qb2+ Qe5 30. Qxe5+ dxe5 31. Rbe1 Bf3 32. Rxe3 e4 33. Kf2 Rd8 34. Kg3
Rh8 35. Kf4 Kf6 36. Rxe4 Bxe4 37. Kxe4+ Kg5 38. Rf7 Re8+ 0-1

[Event "34. Copenhagen Open (Politiken Cup)"]
[Site "Elsinore"]
[Date "2012.08.05"]
[Round "10"]
[White "Haldorsen, Benjamin"]
[Black "Justinussen, Sigurd B"]
[Result "1-0"]
[WhiteElo "1811"]
[BlackElo "1952"]
[PlyCount "49"]
[EventDate "2012.07.28"]
[EventType "swiss"]
[EventRounds "10"]
[EventCountry "DEN"]
[Source "ChessBase"]
[SourceDate "2012.08.24"]

1. e4 c5 2. Nc3 d6 3. f4 Nc6 4. Nf3 Nf6 5. Bb5 a6 6. Bxc6+ bxc6 7. d3 g6 8. O-O
Bg7 9. Qe1 Bg4 10. e5 Nd5 11. exd6 Qxd6 12. Ne4 Qc7 13. Qh4 Bxf3 14. Rxf3 Nf6
15. f5 Nxe4 16. Qxe4 Qd6 17. c3 Qd5 18. Qg4 Bf6 19. Bg5 Bxg5 20. Qxg5 h6 21.
Qf4 g5 22. Qe3 Rd8 23. Re1 Rd7 24. Qe5 f6 25. Qxf6 1-0

[Event "34. Copenhagen Open (Politiken Cup)"]
[Site "Elsinore"]
[Date "2012.08.05"]
[Round "10"]
[White "Hansen, Herluf"]
[Black "Rossen, Claus"]
[Result "1/2-1/2"]
[WhiteElo "2079"]
[BlackElo "2223"]
[PlyCount "93"]
[EventDate "2012.07.28"]
[EventType "swiss"]
[EventRounds "10"]
[EventCountry "DEN"]
[Source "ChessBase"]
[SourceDate "2012.08.24"]

1. e4 c5 2. Nf3 Nc6 3. c3 e5 4. Bc4 Be7 5. d3 d6 6. Nbd2 Na5 7. Bb5+ Bd7 8.
Bxd7+ Qxd7 9. O-O f5 10. d4 fxe4 11. Nxe4 Nf6 12. Qe2 exd4 13. Nxf6+ gxf6 14.
cxd4 O-O 15. Re1 Nc6 16. Bh6 Rfe8 17. dxc5 dxc5 18. Qc4+ Kh8 19. Qf7 Rg8 20. g3
Qe8 21. Qb3 b6 22. Re4 Qg6 23. Qe3 Bf8 24. Bxf8 Rgxf8 25. Re1 Rad8 26. a3 Rd6
27. Qf4 f5 28. Nh4 Qh6 29. Qxh6 Rxh6 30. Re8 Rhf6 31. f4 Nd4 32. R1e7 Rxe8 33.
Rxe8+ Kg7 34. Kf1 Rf7 35. Kf2 Kf6 36. Nf3 Nxf3 37. Kxf3 Rc7 38. h3 c4 39. Re3
h5 40. Rc3 Ke6 41. g4 hxg4+ 42. hxg4 fxg4+ 43. Kxg4 Rg7+ 44. Kf3 Kd5 45. Re3 a6
46. Re5+ Kd6 47. Rh5 1/2-1/2